Top 5 Songs On Ye (Kanye West) - Statistics

General Stats
  • This quiz has been taken 174 times
  • The average score is 4 of 5
Answer Stats
Hint Answer % Correct
363,853,026 Ghost Town
97%
355,578,279 Violent Crimes
92%
408,021,925 All Mine
86%
201,155,345 Yikes
81%
103,609,892 Wouldn't Leave
63%
No matching quizzes found
Score Distribution
Percent of People with Each Score
Percentile by Number Answered
Your Score History
You have not taken this quiz